[Event "Ruhrgebiet VK1 1112"]
[Site "Nordrheinwestfalen"]
[Date "2011.10.09"]
[Round "2.1"]
[White "Schulenburg, Pit"]
[Black "Mueller, Frank"]
[Result "0-1"]
[WhiteElo "2112"]
[BlackElo "2043"]
[PlyCount "86"]
[EventDate "2012.09.18"]
[EventType "team-tourn"]
[EventRounds "9"]
[EventCountry "GER"]
[SourceTitle "EXT 2020"]
[Source "ChessBase"]
[SourceDate "2019.10.17"]
[SourceVersion "1"]
[SourceVersionDate "2019.10.17"]
[SourceQuality "1"]
[WhiteTeam "Dortmund FS 98"]
[BlackTeam "Castrop Rauxel"]
[WhiteTeamCountry "GER"]
[BlackTeamCountry "GER"]

1. f4 d5 2. Nf3 Nf6 3. g3 g6 4. Bg2 Bg7 5. d3 b6 6. 0-0 Bb7 7. c3 0-0 8. Qc2 Nbd7 9. h3 Re8 10. d4 Ne4 11. Kh2 f6 12. Nbd2 Nd6 13. c4 dxc4 14. Nxc4 Bd5 15. Ncd2 c5 16. e4 Bb7 17. e5 Nf5 18. g4 Nxd4 19. Nxd4 Bxg2 20. Ne6 Qc8 21. Nxg7 Bxf1 22. Nxe8 Ba6 23. e6 Nf8 24. Nxf6+ exf6 25. f5 Qc7+ 26. Kg2 Rd8 27. Nf3 Rd3 28. Qf2 Bb7 29. Be3 Be4 30. Re1 gxf5 31. gxf5 Bxf5 32. Ng5 Bxe6 33. Nxe6 Qc6+ 34. Qf3 Qxf3+ 35. Kxf3 Nxe6 36. Ke4 Rd7 37. Rf1 Kf7 38. Rf5 Nd4 39. Rf1 Ke6 40. b4 f5+ 41. Kd3 Nc6+ 42. Kc4 Nxb4 43. a4 Nc2 0-1

[Event "BL2-Ost 0809"]
[Site "Germany"]
[Date "2009.03.15"]
[Round "8.7"]
[White "Mueller, Frank"]
[Black "Schramm, Torsten"]
[Result "1/2-1/2"]
[WhiteElo "2280"]
[BlackElo "2225"]
[PlyCount "24"]
[EventDate "2008.10.05"]
[EventType "team-tourn"]
[EventRounds "9"]
[EventCountry "GER"]
[SourceTitle "CBM 129 Extra"]
[Source "ChessBase"]
[SourceDate "2009.05.05"]
[SourceVersion "2"]
[SourceVersionDate "2009.05.20"]
[SourceQuality "1"]
[WhiteTeam "Leipzig Lok"]
[BlackTeam "Aue Nickelhuette"]
[WhiteTeamCountry "GER"]
[BlackTeamCountry "GER"]

1. Nf3 d6 2. g3 e5 3. d3 f5 4. Bg2 Nf6 5. c4 Be7 6. 0-0 0-0 7. Nc3 c6 8. Rb1 a5 9. a3 Nbd7 10. Ne1 Nb6 11. b4 axb4 12. axb4 d5 1/2-1/2